The visible librarian in the virtual world : papers and proceedings of the PPM-LAS Commemorative Conference, Kuala Lumpur, 6-8 April 2005

Bibliographic Details
Main Author: Zaiton Osman, 1944- (Author)
Corporate Authors: PPM-LAS Commemorative Conference (2005 : Kuala Lumpur), Library Association of Singapore, Persatuan Pustakawan Malaysia
Format: Conference Proceeding Book
Language:English
Published: Kuala Lumpur : Librarians Association of Malaysia , 2005
Subjects:

MARC

LEADER 00000cam a2200000 7i4500
001 0000044821
005 20190402093000.0
008 080630s2005 my 1 eng
020 |a 9789834022044 
020 |a 9834022042 
090 0 0 |a Z674.7   |b .P66 2005 
111 2 |a PPM-LAS Commemorative Conference (2005 : Kuala Lumpur) 
245 0 4 |a The visible librarian in the virtual world :   |b papers and proceedings of the PPM-LAS Commemorative Conference, Kuala Lumpur, 6-8 April 2005   |c compiled and edited by Dato' Zaiton Osman ... [et al.] 
260 |a Kuala Lumpur :   |b Librarians Association of Malaysia ,   |c 2005 
300 |a iii, 307 p. :   |b ill. ;   |c 29 cm. 
500 |a Organised by the Librarians Association of Malaysia 
504 |a Includes bibliographical references 
650 0 |a Digital libraries   |v Congresses 
650 0 |a Libraries   |x Management   |v Congresses 
650 0 |a Library science   |v Congresses 
700 0 |a Zaiton Osman, 1944- ,   |e author 
710 2 |a Library Association of Singapore 
710 2 |a Persatuan Pustakawan Malaysia 
999 |a 1000115960   |b Book   |c Reference   |e Gong Badak Campus